<?xml version="1.0" encoding="UTF-8"?>
<record
    xmlns:xsi="http://www.w3.org/2001/XMLSchema-instance"
    xsi:schemaLocation="http://www.loc.gov/MARC21/slim http://www.loc.gov/standards/marcxml/schema/MARC21slim.xsd"
    xmlns="http://www.loc.gov/MARC21/slim">

  <leader>00641cam a22002054a 4500</leader>
  <controlfield tag="001">sa 65000117 </controlfield>
  <controlfield tag="003">DLC</controlfield>
  <controlfield tag="005">20260227112101.0</controlfield>
  <controlfield tag="008">840418s1959    ii a          000 0 urdo </controlfield>
  <datafield tag="010" ind1=" " ind2=" ">
    <subfield code="a">sa 65000117 </subfield>
  </datafield>
  <datafield tag="040" ind1=" " ind2=" ">
    <subfield code="a">DLC</subfield>
    <subfield code="c">DLC</subfield>
  </datafield>
  <datafield tag="050" ind1="0" ind2="0">
    <subfield code="a">PK2200.S43191655</subfield>
    <subfield code="b">S52 1959</subfield>
  </datafield>
  <datafield tag="100" ind1="0" ind2=" ">
    <subfield code="a">Shak&#x12B;l Bad&#x101;y&#x16B;n&#x12B;,</subfield>
    <subfield code="d">1916-1970.</subfield>
  </datafield>
  <datafield tag="245" ind1="1" ind2="0">
    <subfield code="a">&#x15A;ak&#x12B;la Bad&#x101;y&#x16B;n&#x12B; aura unak&#x12B; &#x15B;&#x101;yar&#x12B; /</subfield>
    <subfield code="c">samp&#x101;daka, Prak&#x101;&#x15B;a Pa&#x1E47;&#x1E0D;ita.</subfield>
  </datafield>
  <datafield tag="250" ind1=" " ind2=" ">
    <subfield code="a">1. sa&#x1E43;skara&#x1E47;a.</subfield>
  </datafield>
  <datafield tag="260" ind1=" " ind2=" ">
    <subfield code="a">Dill&#x12B; :</subfield>
    <subfield code="b">R&#x101;jap&#x101;la e&#x1E47;&#x1E0D;a Sanza,</subfield>
    <subfield code="c">1959.</subfield>
  </datafield>
  <datafield tag="300" ind1=" " ind2=" ">
    <subfield code="a">96 p. :</subfield>
    <subfield code="b">ill. ;</subfield>
    <subfield code="c">19 cm.</subfield>
  </datafield>
  <datafield tag="546" ind1=" " ind2=" ">
    <subfield code="a">In Urdu</subfield>
    <subfield code="b">(in Devanagari).</subfield>
  </datafield>
  <datafield tag="700" ind1="1" ind2=" ">
    <subfield code="a">Pan&#x1E0D;it, Prak&#x101;sh,</subfield>
    <subfield code="d">1924-</subfield>
  </datafield>
  <datafield tag="999" ind1=" " ind2=" ">
    <subfield code="c">61384</subfield>
    <subfield code="d">61384</subfield>
  </datafield>
</record>
